X-Ray solar physics from Yohkov (Record no. 12732)

MARC details
000 -LEADER
fixed length control field 00858nam a2200205Ia 4500
003 - CONTROL NUMBER IDENTIFIER
control field IN-BaIIA
008 - FIXED-LENGTH DATA ELEMENTS--GENERAL INFORMATION
fixed length control field 211028s9999 xx 000 0 eng d
020 ## - INTERNATIONAL STANDARD BOOK NUMBER
International Standard Book Number 4-946443-18-5
040 ## - CATALOGING SOURCE
Transcribing agency IIA Library
080 ## - UNIVERSAL DECIMAL CLASSIFICATION NUMBER
Universal Decimal Classification number 523.9(082.2)
Item number UCH
111 ## - MAIN ENTRY--MEETING NAME
Meeting name or jurisdiction name as entry element International Symposium on the Yokhov Scientific Results
Location of meeting Japan
Date of meeting or treaty signing 1993 Feb. 23-25
9 (RLIN) 22293
245 #0 - TITLE STATEMENT
Title X-Ray solar physics from Yohkov
Remainder of title proceedings of the International symposium on the Yokhov Scientific results held at Japan during 23-25 February 1993
Statement of responsibility, etc. edited by Y. Uchida,T. Watanabe and K. Shibata
260 ## - PUBLICATION, DISTRIBUTION, ETC.
Place of publication, distribution, etc. Japan
Name of publisher, distributor, etc. Universal Academy Press
Date of publication, distribution, etc. 1994
300 ## - PHYSICAL DESCRIPTION
Extent xiv, 340p.
490 ## - SERIES STATEMENT
Series statement Frontiers science series; 10
650 ## - SUBJECT ADDED ENTRY--TOPICAL TERM
Topical term or geographic name entry element Solar physics, Sun
9 (RLIN) 21221
700 ## - ADDED ENTRY--PERSONAL NAME
Personal name Shibata, K., ed.
9 (RLIN) 22294
700 ## - ADDED ENTRY--PERSONAL NAME
Personal name Watanabe, T., ed.
9 (RLIN) 22295
942 ## - ADDED ENTRY ELEMENTS (KOHA)
Koha item type Books
Holdings
Withdrawn status Lost status Damaged status Not for loan Home library Current library Shelving location Date acquired Source of acquisition Cost, normal purchase price Total Checkouts Full call number Barcode Date last seen Cost, replacement price Price effective from Koha item type Purchase Price
        IIA Library-Bangalore IIA Library-Bangalore General Stacks 12/11/1998 UNAP 5950.00   523.9(082.2)/ UCH 13649 05/11/2021 5950.00 12/11/1998 Books Rs. 5950.00

Powered by Koha